JAKA JEST ZŁA PRACA DLA KOGOŚ, KTO NIENAWIDZI DZIECI - Statystyki

Ogólne statystyki
  • Ten quiz został rozwiązany 84 razy
  • Średni wynik to 1 z 5
Statystyki odpowiedzi
Odpowiedź % Poprawnych
Nauczyciel
100%
Pediatra
33%
Opiekunka do dziecka
6%
Pracownik przedszkola
3%
Klaun
1%
Nie znaleziono quizów pasujących do podanych kryteriów
Rozkład punktacji
Procent ludzi z każdym wynikiem
Percentyl według liczby udzielonych odpowiedzi
Twoja historia wyników
Nie rozwiązałeś tego quizu